| 000 | 00815cam a22002172 4500 | ||
|---|---|---|---|
| 001 | 0000012853 | ||
| 005 | 20151217155853.0 | ||
| 008 | 090324s xx 000 0 eng d | ||
| 040 |
_aKABU _cKABU |
||
| 111 | 2 |
_aConference of the University of East Africa Social Science Council _cNairobi : _d1969 December 8 - 12 : _n20th. _@0000169813 |
|
| 245 | 1 | 0 | _aProceedings. |
| 250 | _a1st ed. | ||
| 260 |
_aNairobi : _bUniversities of East Africa, _c1969. |
||
| 300 | _av. | ||
| 650 | 0 |
_aSocial sciences _xHistory _xCongresses _zAfrica. _@0000169811 |
|
| 650 | 0 |
_aSocial Sciences _xResearch _xCongresses _zAfrica. _@0000169812 |
|
| 852 | 1 | _9p500 KES | |
| 852 | 1 | _9p500 KES | |
| 908 | _a090324 | ||
| 950 | _@1 | ||
| 999 |
_c13529 _d13529 |
||